[Event "TUR-chT Superleague 2018"]
[Site "Ankara"]
[Date "2018.07.29"]
[Round "6"]
[White "Triapishko, Alexandr"]
[Black "Safarli, Eltaj"]
[Result "0-1"]
[WhiteElo "2509"]
[BlackElo "2667"]
[Annotator "TA"]
[PlyCount "70"]
[EventDate "2018.07.25"]
[EventType "team-tourn"]
[EventCountry "TUR"]
[SourceTitle "playchess.com"]
[Source "ChessBase"]
[SourceQuality "1"]

{[%evp 20,70,0,-16,-23,-18,-25,-18,-18,-25,-7,-14,0,-23,-17,-27,-18,-35,0,-74,-79,-72,-75,-73,-77,-130,-131,-135,-129,-134,-133,-129,-126,-278,-301,-360,-396,-345,-386,-402,-377,-383,-378,-412,-375,-525,-518,-1013,-914,-1410,-1362,-4926,-4918]} 1. e4 e5 2. Nf3 Nc6 3. Nc3 Nf6 4. d4 Bb4 5. Nxe5 Qe7 6. Nxc6 Qxe4+ 7. Qe2 {C47: Scotch Four Knights and Four Knights with 4 g3} dxc6 8. Bd2 Qxe2+ 9. Bxe2 Bf5 10. O-O-O O-O-O 11. Bg5 {LiveBook: 3 Games} (11. a3 Bxc3 12. Bxc3 Rhe8 13. Rhe1 Ne4 14. Bd3 Bg6 15. Bxe4 Rxe4 16. Rxe4 Bxe4 {½-½ (31) Wang,C (2505)-Gao,R (2543) Xinghua 2017}) 11... Bxc3 12. bxc3 Rde8 13. Bd3 Bxd3 14. cxd3 $146 ({Predecessor:} 14. Rxd3 Ne4 {½-½ (53) Sherman,D-Shaw,T Islington 1972}) 14... Nd5 15. Kd2 Re6 16. c4 Rg6 $36 {[%mdl 2048] Black has good play.} 17. Bh4 Nb6 18. Bg3 h5 19. Rhe1 (19. Rhg1 $11) 19... h4 $17 20. Bf4 Rxg2 21. Re7 {[#]} Nd7 $1 ({But not} 21... Rxf2+ 22. Ke3 $11) 22. Rxf7 (22. Rde1 $142 Rxf2+ 23. Ke3 Rxa2 24. Kf3) 22... Rxf2+ 23. Ke3 Rxa2 24. Rxg7 a5 {[%cal Ba7a5,Ba5a4,Ba4a3][%mdl 32]} 25. Re7 a4 26. Rb1 $2 (26. Kf3 $17) 26... a3 $19 27. Rb4 {And now Ra4 would win.} Ra1 28. Ke2 {Threatening Ra4.} b5 29. cxb5 cxb5 30. Rxb5 Rf8 31. Bh6 Rg8 32. Bf4 h3 {[%cal Bh4h3,Bh3h2][%mdl 32] Black is clearly winning.} 33. Bg3 (33. Rh7 $142 a2 34. Ra5 Rg2+ 35. Ke3 Re1+ 36. Kf3 Rf1+ 37. Ke3) 33... a2 34. Ra5 {[#]} Rxg3 $1 {[%mdl 512]} 35. hxg3 h2 {Precision: White = 35%, Black = 82%.} 0-1

[Event "TUR-chT Superleague 2018"]
[Site "Ankara"]
[Date "2018.07.29"]
[Round "6"]
[White "Kevlishvili, Robby"]
[Black "Yilmaz, Goktan"]
[Result "1-0"]
[WhiteElo "2502"]
[BlackElo "2233"]
[Annotator "TA"]
[PlyCount "127"]
[EventDate "2018.07.25"]
[EventType "team-tourn"]
[EventCountry "TUR"]
[SourceTitle "playchess.com"]
[Source "ChessBase"]
[SourceQuality "1"]

{[%evp 19,127,4,7,0,18,0,0,0,0,0,0,0,0,0,0,0,0,0,0,0,0,0,24,0,0,0,21,20,23,19,52,45,47,23,21,18,18,18,21,30,57,46,46,46,46,43,51,43,62,59,67,53,58,55,127,94,252,244,420,487,483,460,460,445,383,169,177,165,335,147,147,147,147,147,147,147,189,158,165,170,177,156,172,172,164,154,166,155,245,251,397,387,529,177,416,424,417,378,604,592,1076,1033,29961,29963,5093,29947,5641,682,29998,29990]} 1. e4 c5 2. Nf3 d6 3. d4 cxd4 4. Nxd4 Nf6 5. Nc3 a6 6. g3 e5 7. Nb3 Nbd7 8. Bg2 {B91: Sicilian Najdorf: 6 g3} (8. a4 b6 9. Bg2 Bb7 10. O-O Be7 11. Re1 Rc8 12. Nd2 h5 13. Nf1 h4 14. Ne3 g6 15. Re2 hxg3 16. hxg3 Rxc3 17. bxc3 Nxe4 18. Bb2 Ndf6 {0-1 (53) Short,N (2664)-Kasparov,G (2812) Saint Louis 2015 CBM 166 Extra [Ramirez Alvarez,Alejandro]}) 8... b5 9. O-O Bb7 10. Re1 Be7 {LiveBook: 3 Games} 11. Nd2 O-O 12. Nf1 b4 13. Nd5 Nxd5 14. exd5 f5 $146 ({Predecessor:} 14... Bg5 15. Ne3 a5 {1-0 (32) Lima,D (2509)-Martins,V (2329) Fortaleza 2012}) 15. a3 bxa3 16. Rxa3 Rc8 17. b3 Qe8 18. c4 Bd8 19. Ra2 Qg6 20. Kh1 Bb6 21. Be3 Bxe3 22. Nxe3 f4 23. Nf1 Nf6 24. Nd2 Rc7 25. Ne4 Nxe4 26. Bxe4 Qh6 27. Kg1 Bc8 28. Qd3 Rcf7 29. c5 Bf5 30. cxd6 ({Don't blunder} 30. Rxa6 $2 fxg3 31. fxg3 Bxe4 $19) 30... fxg3 31. hxg3 Qxd6 32. Re3 Bxe4 33. Qxe4 Rf5 34. Qc4 R5f6 35. Rae2 Qb6 {Hoping for ...Rxf2!} 36. Kg2 Kh8 (36... a5 $14) 37. b4 Rf5 $2 (37... Kg8 $16) 38. Qc5 $1 $18 {[%cal Rc5b6]} Qf6 $2 {[#]} (38... Qb5 {was necessary.} 39. Rxe5 Qd3 40. Rxf5 Qxf5) 39. Rxe5 $1 {[%mdl 512]} Rxe5 40. Rxe5 {[%mdl 4096] Endgame KQR-KQR} Qf3+ 41. Kg1 $1 h6 42. Qd4 (42. d6 $142 Qd1+ 43. Kh2) 42... Rc8 {( -> ...Rc1+)} 43. Re1 Rd8 $2 (43... Rc3 {was worth a try.} 44. Qd1 Qxd1 45. Rxd1 Rc8) 44. Rd1 (44. d6 $18 {is the precise move to win.}) 44... Rd6 $16 45. Rd3 Qf5 46. Rd2 Qg5 47. Kg2 h5 48. Rd1 Qf5 49. Qd3 Qe5 50. Qf3 Kg8 {[#]} 51. Qe3 $1 {[%cal Re3e5]} Qf5 52. Rd4 Kh8 53. Qd3 $36 {[%mdl 2048] White has strong initiative.} Qe5 (53... Qxd3 $16 54. Rxd3 Kg8) 54. f4 $18 Qe8 (54... Qf6 $142 55. Re4 Kg8 56. Re8+ Kf7) 55. Re4 {[%cal Re4e8]} Qg6 {[#]} 56. Re3 $2 (56. f5 $1 {[%mdl 512]} Qf7 (56... Qxf5 57. Re8+) 57. Re6) 56... Qf7 $2 (56... Qxd3 {is a better defense.} 57. Rxd3 Kg8) 57. Re5 h4 58. gxh4 Rg6+ (58... Kg8 $142 59. Qe4 Kf8) 59. Kf3 {Qe4 is the strong threat.} Rb6 60. Qe4 {Threatens to win with Re8+.} Rb8 61. Rf5 Qe8 62. d6 Rd8 63. Rd5 (63. Qxe8+ $142 Rxe8 64. Ra5) 63... Rd7 64. Re5 {Precision: White = 69%, Black = 45%.} 1-0

[Event "TUR-chT Superleague 2018"]
[Site "Ankara"]
[Date "2018.07.29"]
[Round "6"]
[White "Yilmazyerli, Mert"]
[Black "Erdogdu, Mert"]
[Result "1/2-1/2"]
[WhiteElo "2491"]
[BlackElo "2411"]
[Annotator "TA"]
[PlyCount "52"]
[EventDate "2018.07.25"]
[EventType "team-tourn"]
[EventCountry "TUR"]
[SourceTitle "playchess.com"]
[Source "ChessBase"]
[SourceQuality "1"]

{[%evp 23,52,75,66,15,54,57,65,13,23,9,12,9,27,22,28,26,33,33,33,14,74,70,71,3,68,0,73,0,68,0,66]} 1. d4 Nf6 2. Nf3 g6 3. c4 Bg7 4. g3 d5 5. cxd5 Nxd5 6. Bg2 Nb6 7. Nc3 Nc6 8. e3 O-O 9. O-O a5 10. d5 Nb4 {D76: Grünfeldindisch (Fianchetto HV 7... Sb6)} 11. e4 c6 (11... f5 12. Ng5 fxe4 13. Bxe4 Bf5 14. Ne6 Bxe6 15. dxe6 c6 16. Qb3 Qd6 17. Rd1 N4d5 18. Bxd5 Nxd5 19. Nxd5 cxd5 20. Qxd5 Qxd5 21. Rxd5 {1-0 (58) Efimenko,Z (2689)-Sedlak,N (2557) Vrnjacka Banja 2010}) 12. a3 Na6 {LiveBook: 12 Partien. Weiß steht besser.} 13. Bg5 $146 (13. Be3 $14) ({Vorgänger:} 13. dxc6 bxc6 14. Qc2 Be6 15. Rd1 Qc8 16. Ne2 a4 17. Ned4 Bc4 18. Nd2 {½-½ (64) Atalik,E (2422)-Lujan,C (2378) Baku 2016}) 13... h6 14. Be3 Nc4 15. Bd4 (15. Qe2 $14 Nxe3 16. Qxe3) 15... e5 $11 16. dxe6 Bxe6 17. Bxg7 Kxg7 18. Qc2 Qf6 19. b3 $36 {[%mdl 2048] Schwarz steht unter Druck.} Ne5 20. Nd4 Rad8 21. Nce2 c5 (21... Bd7 $11) 22. Nxe6+ $16 fxe6 23. Nf4 (23. f4 $16 Ng4 24. e5) 23... Rd4 ({Besser ist} 23... b6 $11) 24. Ne2 Rdd8 $1 25. Nf4 (25. f4 $5 {[%cal Rf4e5]} Ng4 26. e5 $14) 25... Rd4 26. Ne2 Rdd8 $1 {Precision: Weiß = 33%, Schwarz = 48%.} 1/2-1/2

[Event "TUR-chT Superleague 2018"]
[Site "Ankara"]
[Date "2018.07.29"]
[Round "6"]
[White "Esen, Baris"]
[Black "Tofan, Ibrahim"]
[Result "1-0"]
[WhiteElo "2487"]
[BlackElo "2169"]
[Annotator "TA"]
[PlyCount "173"]
[EventDate "2018.07.25"]
[EventType "team-tourn"]
[EventCountry "TUR"]
[SourceTitle "playchess.com"]
[Source "ChessBase"]
[SourceQuality "1"]

{[%evp 19,173,31,37,32,80,65,94,95,100,81,85,77,91,91,91,91,93,91,91,91,91,85,102,93,117,95,115,97,118,106,118,101,150,136,135,133,166,169,198,194,201,198,230,230,230,230,235,235,240,228,237,221,221,221,247,212,225,200,251,251,321,321,321,321,321,321,321,321,321,321,329,314,365,314,314,314,365,310,310,302,310,310,476,476,433,468,461,454,441,431,408,0,408,0,302,302,293,263,262,226,229,222,353,350,350,350,350,350,350,326,560,317,350,350,307,320,410,402,408,398,402,395,402,312,439,422,532,532,527,312,710,699,997,946,946,949,1240,1250,1198,1112,1312,906,456,822,600,400,1098,1415,29994,29995,29996,29997,29997,29998,29998,29999]} 1. d4 d5 2. c4 c6 3. Nf3 e6 4. e3 f5 5. Be2 Nf6 6. O-O Bd6 7. b3 O-O 8. Ba3 Bxa3 9. Nxa3 Nbd7 10. Nc2 {A84: Holländische Verteidigung} Ne4 {LiveBook: 3 Partien} 11. Nce1 Ndf6 $146 ({Vorgänger:} 11... b6 12. cxd5 exd5 13. Rc1 Bb7 14. Nd3 Rc8 15. Rc2 Qe7 16. g3 c5 17. Qc1 h6 {½-½ (47) Bulski,K (2533)-Musialkiewicz,P (2283) Poland 2015}) 12. Ne5 {Weiß steht besser.} Bd7 13. N1d3 Be8 14. f3 Nd6 15. Qc2 Nd7 16. Nxd7 Qxd7 17. c5 {[#] Se5 ist eine echte Drohung.} Nf7 18. b4 Qe7 19. f4 a6 20. Qc3 Bd7 21. a4 Rfb8 22. Rab1 g6 23. Rb3 Kg7 24. Rfb1 Be8 25. Ne1 b5 26. cxb6 Rxb6 27. Nd3 Nd6 28. Nc5 Ne4 29. Qb2 Kf7 30. a5 Nxc5 31. bxc5 (31. axb6 Nxb3 32. Qxb3 Qb7 $11) ({Schwächer ist} 31. dxc5 Rbb8 $11) 31... Rb5 32. Bxb5 cxb5 33. c6 Rc8 34. Rc1 Rc7 35. Rc5 Qh4 {[%cal Rh4e1]} 36. Qd2 h5 37. Qf2 Qxf2+ 38. Kxf2 $18 {[%mdl 4096] Endspiel KTT-KTL} Kf6 39. Kg3 Bf7 40. Kh4 Be8 41. h3 Ke7 42. Kg5 Kd6 43. Rb2 Ke7 44. g3 Kd6 45. Kf6 Bf7 46. Rcc2 Be8 47. Rc1 Bf7 48. Kg5 Be8 49. g4 fxg4 50. hxg4 hxg4 (50... Bxc6 $142 51. Rh2 (51. gxh5 gxh5 52. Rbc2 Rc8 $16) 51... Rc8) 51. Kxg4 Bxc6 52. Rbc2 Rc8 53. Kg5 Rc7 54. Kf6 Rc8 55. Kg5 Rc7 $1 56. Kg4 Rc8 $1 57. Kg3 Rc7 58. Kf2 Rc8 59. Ke1 b4 60. Kd2 b3 (60... Rc7 {war angesagt.} 61. Rb2 Rb7) 61. Rc3 b2 62. Rb1 Rh8 63. Rb3 Rh2+ 64. Kc3 Re2 $2 (64... Bb5 65. Rg1 (65. R1xb2 Rh3 $18) 65... Re2) 65. Kb4 Bb5 66. R1xb2 Re1 67. Rg2 Bc4 68. Ra3 Rb1+ 69. Kc3 Rc1+ 70. Kd2 Rf1 71. Rxg6 Rf2+ (71... Bb5 {war nötig.} 72. Rg7 Rf2+ 73. Kc3 Re2) 72. Kc3 Rf3 73. Kb4 Rf1 74. Rg7 Rf2 $2 {[#]} (74... Rb1+ 75. Kc3 Re1) 75. e4 $1 {[%cal Be3e4,Be4e5][%mdl 32]} Rxf4 (75... dxe4 76. Kxc4) 76. e5+ Kc6 77. Re7 Rxd4 78. Rxe6+ Kd7 79. Rd6+ Ke7 80. Rg3 Re4 81. Rg7+ Kf8 82. Rg5 {Beabsichtigt Tf6+ und Matt.} Ke7 (82... Bb5+ $142 83. Kc5 Rf4 84. Kxd5 Bc4+ 85. Kc5 Bb5) 83. Kc5 Kf7 84. Rf6+ {Weiß setzt Matt.} Ke7 85. Rg7+ Ke8 86. Kd6 {[%cal Rg7g8]} d4 87. Re7+ {Precision: Weiß = 67%, Schwarz = 39%.} 1-0

[Event "TUR-chT Superleague 2018"]
[Site "Ankara"]
[Date "2018.07.29"]
[Round "6"]
[White "Kanmazalp, Ogulcan"]
[Black "Caglar, Ahmet Ata"]
[Result "1-0"]
[WhiteElo "2481"]
[BlackElo "2097"]
[Annotator "TA"]
[PlyCount "93"]
[EventDate "2018.07.25"]
[EventType "team-tourn"]
[EventCountry "TUR"]
[SourceTitle "playchess.com"]
[Source "ChessBase"]
[SourceQuality "1"]

{[%evp 17,93,111,111,93,146,151,156,119,135,95,118,108,128,105,118,102,89,5,11,0,0,0,73,52,108,75,80,79,72,74,72,41,37,43,35,40,25,36,66,49,87,74,177,121,154,168,164,159,187,186,188,193,344,344,371,333,420,438,569,508,542,531,557,493,529,531,575,575,1282,1297,5097,5073,4838,5073,2617,2821,1980,1920]} 1. e4 c5 2. Nc3 Nc6 3. Bb5 e6 4. Bxc6 bxc6 5. d3 d6 6. f4 g6 7. Nf3 Bg7 8. O-O Ne7 9. Qe1 O-O {LiveBook: 6 Games. B23: Closed Sicilian: Lines without g3} 10. b3 c4 $146 (10... f5 $142) ({Predecessor:} 10... Rb8 11. Bd2 Qb6 12. Kh1 Qc7 13. Qh4 f6 14. Rae1 d5 15. e5 {1-0 (39) Petrosian,T (2477)-Pogonina,N (2382) playchess.com INT 2004}) 11. dxc4 $16 d5 {White should prevent ...dxe4.White is clearly better.} 12. Bb2 Qc7 13. Qe3 dxe4 14. Qxe4 Bb7 15. Na4 {And now Bxg7 would win.} c5 16. Qe3 (16. Qe1 {looks sharper.} Bxb2 17. Nxb2 Qxf4 18. Qe5 Qf5 19. Rae1) 16... Nf5 17. Qc1 (17. Qf2 $16) 17... Nd4 $11 18. Bxd4 cxd4 19. Nb2 Rad8 (19... f6 $11) 20. Nd3 $16 f6 (20... Bh6 $14) 21. Qe1 e5 22. fxe5 fxe5 {White must now prevent ...e4.} 23. Qg3 {[%cal Rf3e5]} Rde8 24. Rfe1 {[%cal Rf3e5]} Bxf3 25. gxf3 Rf5 26. Re4 Ref8 27. Rf1 Qc6 28. Qh3 ({Weaker is} 28. Nxe5 Qxe4 29. fxe4 Rxf1+ 30. Kg2 R8f2+ $1 {[%mdl 512]} 31. Qxf2 Rxf2+ 32. Kxf2 Bxe5 $19) 28... h5 29. Qg2 g5 (29... Kh7 $16) 30. h3 ({Better is} 30. Rfe1 $18) 30... Kh7 31. Qe2 Qf6 {[%cal Rf5f3]} 32. Kg2 Rf7 33. c5 {[%cal Bc4c5,Bc5c6][%mdl 32]} Kg8 34. b4 {[%cal Bb3b4,Bb4b5][%mdl 32]} g4 $2 (34... Qa6 35. Rf2 Qf6) 35. hxg4 $18 Rg5 36. b5 Qg6 37. c6 hxg4 {White is clearly winning.} 38. fxg4 Rxf1 39. Kxf1 Qf7+ 40. Nf2 Rg6 41. a4 {[%cal Ba2a4,Ba4a5][%mdl 32]} Rh6 42. Kg2 Rf6 43. Rxe5 Rxf2+ 44. Qxf2 Bxe5 {[#]} 45. Qxf7+ $1 Kxf7 46. a5 Ke7 47. b6 {Precision: White = 63%, Black = 40%.} 1-0

[Event "TUR-chT Superleague 2018"]
[Site "Ankara"]
[Date "2018.07.29"]
[Round "6"]
[White "Mammadzada, Gunay"]
[Black "Muzychuk, Mariya"]
[Result "1/2-1/2"]
[WhiteElo "2426"]
[BlackElo "2521"]
[Annotator "TA"]
[PlyCount "72"]
[EventDate "2018.07.25"]
[EventType "team-tourn"]
[EventCountry "TUR"]
[SourceTitle "playchess.com"]
[Source "ChessBase"]
[SourceQuality "1"]

{[%evp 31,72,29,29,43,41,28,55,15,14,8,6,0,29,37,28,23,19,7,10,0,0,0,0,-94,0,0,0,0,0,0,0,0,0,0,0,0,0,0,0,0,0,0,0]} 1. e4 e5 2. Nf3 Nc6 3. Bb5 a6 4. Ba4 Nf6 5. O-O Nxe4 6. d4 b5 7. Bb3 d5 {[%cal Bd7d5,Bd5d4,Bd4d3][%mdl 32]} 8. dxe5 Be6 9. Nbd2 Be7 10. c3 Nc5 11. Bc2 d4 12. Nb3 {C83: Spanische Partie (Offene Verteidigung/Hauptvariante)} d3 13. Bb1 Nxb3 14. axb3 Bf5 15. Re1 O-O 16. h3 Qd7 {LiveBook: 7 Partien} 17. b4 Rfd8 18. Bf4 a5 19. bxa5 (19. g4 $5 {[%cal Rg4f5]} Bg6 20. bxa5 $11) 19... Rxa5 20. Rxa5 Nxa5 {[#]} 21. e6 $146 {[%mdl 512]} Bxe6 22. Ne5 Qd5 {...d2 ist eine echte Drohung.} 23. Qxd3 Qxd3 24. Bxd3 b4 25. Ra1 g5 26. Bg3 Nb3 27. Ra7 (27. Re1 $11 {bleibt in der Remisbreite.}) 27... Nc5 ({Günstiger ist} 27... f5 $17 28. cxb4 (28. Rxc7 Bd6 $17) 28... f4) 28. Nc6 $11 {Die Stellung ist ausgeglichen.} Rxd3 29. Nxe7+ Kf8 30. Nc6 Ne4 31. Nxb4 Rd1+ 32. Kh2 Nd2 33. Bxc7 {zielt auf f4 ab.} Nf1+ 34. Kg1 $1 {Und f4 würde nun gewinnen.} Nd2+ 35. Kh2 {Schwarz muss nun f4 beachten.} Nf1+ 36. Kg1 {Und weiter mit f4 wäre nett.} Nd2+ {Precision: Weiß = 64%, Schwarz = 91%.} 1/2-1/2

[Event "TUR-chT Superleague 2018"]
[Site "Ankara"]
[Date "2018.07.29"]
[Round "6"]
[White "Nechaeva, Marina"]
[Black "Atalik, Ekaterina"]
[Result "0-1"]
[WhiteElo "2410"]
[BlackElo "2461"]
[Annotator "TA"]
[PlyCount "104"]
[EventDate "2018.07.25"]
[EventType "team-tourn"]
[EventCountry "TUR"]
[SourceTitle "playchess.com"]
[Source "ChessBase"]
[SourceQuality "1"]

{[%evp 26,104,16,14,22,18,37,27,26,-31,-22,-49,-43,-77,-69,-117,-109,-121,-118,-109,-114,-122,-108,-119,-118,-97,-58,-59,-56,-34,-1,-164,-91,-91,-105,-98,-114,-108,-87,-87,-87,-87,-86,-85,-85,-85,-62,-77,-74,-64,-38,-73,-64,-82,-80,-151,-152,-156,-145,-180,-180,-177,-170,-213,-213,-206,-204,-219,-217,-217,-208,-283,-275,-275,-232,-429,-429,-422,-422,-355,-259]} 1. d4 Nf6 2. c4 g6 3. Nf3 Bg7 4. g3 d5 5. cxd5 Nxd5 6. Bg2 Nb6 7. Nc3 Nc6 8. e3 O-O 9. O-O Re8 10. d5 Na5 11. Nd4 Bd7 12. e4 c6 {D76: Fianchetto Grünfeld: Main Line with 7...Nb6} 13. Bf4 Rc8 14. Rc1 {LiveBook: 4 Games} c5 {The position is equal.} 15. Nf3 e5 16. dxe6 Bxe6 {[#]} 17. b3 $146 (17. e5 $11) ({Predecessor:} 17. e5 Nd5 18. Nxd5 Bxd5 19. Bh3 Rc6 20. Rc3 Bxf3 21. Rxf3 Qxd1 22. Rxd1 {1-0 (33) Tkachiev,V (2670)-Vareille,F (2424) France 2000}) 17... c4 $15 18. b4 Nc6 19. Bd6 Bg4 $36 {[%mdl 2048] Black has the initiative.} 20. h3 Bxf3 21. Bxf3 Qf6 22. Bc5 Red8 23. Nd5 Nxd5 24. exd5 b6 25. Bg4 Rb8 26. b5 Ne5 {[%cal Bc6e5,Be5d3,Bd3c1][%mdl 32]} 27. Bb4 Nd3 28. Bc3 $2 {[#]} (28. Rxc4 $11 {and White has nothing to worry.} Nb2 29. Rc6 Nxd1 30. Rxf6 Bxf6 31. Rxd1) 28... Qg5 (28... Qd6 $1 $19 29. Rc2 Qxd5 30. Bxg7 Kxg7 31. Qa1+ Kg8) 29. Bxg7 $17 Qxc1 30. Qxc1 Nxc1 31. Be5 Nxa2 {White must now prevent ...Rb7.} 32. Ra1 Nb4 {And now ...Rb7 would win.} 33. Bxb8 Rxb8 {[%mdl 4096] Endgame KRB-KRN} 34. Ra4 Nxd5 {Threatens to win with ...c3.} 35. Rxc4 Nf6 36. Bc8 h5 37. Kg2 Kf8 38. Kf3 Ne8 {...Nd6 is the strong threat.} 39. Rc6 Ke7 40. Ke3 {[#]} ({Better is} 40. h4) 40... Kd8 $1 41. Ba6 Kd7 42. Kd4 Nc7 43. Rf6 Ne6+ 44. Kc3 Ke7 45. Rf3 Nc5 46. h4 Rd8 47. Re3+ Kf8 48. Kc4 Nxa6 49. bxa6 Rd2 50. Ra3 $2 (50. Kb3) 50... Rxf2 $19 51. Kb5 Rc2 52. Ra4 Rc5+ {Precision: White = 37%, Black = 83%.} 0-1

[Event "TUR-chT Superleague 2018"]
[Site "Ankara"]
[Date "2018.07.29"]
[Round "6"]
[White "Soysal, Serkan"]
[Black "Demirel, Ahmet"]
[Result "1-0"]
[WhiteElo "2406"]
[BlackElo "1321"]
[Annotator "TA"]
[PlyCount "125"]
[EventDate "2018.07.25"]
[EventType "team-tourn"]
[EventCountry "TUR"]
[SourceTitle "playchess.com"]
[Source "ChessBase"]
[SourceQuality "1"]

{[%evp 12,125,8,16,32,18,29,12,16,-40,-35,-46,0,-14,-7,-24,-4,-89,-33,-43,33,29,38,22,42,12,53,47,56,32,116,109,130,143,219,239,283,283,281,286,274,279,327,345,316,154,150,143,121,130,197,95,112,0,187,162,389,204,225,225,211,195,432,127,382,374,529,521,494,483,481,474,456,384,378,377,383,377,382,383,372,376,379,382,378,370,609,605,601,597,588,572,587,577,568,557,585,571,583,579,671,673,762,776,741,689,1013,994,1320,1293,1621,1594,1512,1432,29983,29984]} 1. e4 e5 2. Nf3 Nc6 3. Bc4 Bc5 4. c3 Nf6 5. d3 h6 6. Bb3 d6 7. h3 {LiveBook: 47 Partien. C54: Italienische Partie (Hauptvariante)} (7. Nbd2 O-O 8. h3 a5 9. O-O Be6 10. Bc2 b5 11. Re1 Qb8 12. Nb3 Bb6 13. a4 Qa7 14. Be3 Bxe3 15. Rxe3 bxa4 {½-½ (42) Ter Sahakyan,S (2563)-Petrosyan,M (2570) Yerevan 2018}) 7... Qe7 8. Nbd2 Be6 9. Bc2 {Weiß hat minimalen Vorteil.} Bb6 10. Nf1 $146 (10. O-O $11) ({Vorgänger:} 10. Qe2 O-O 11. g4 Nd7 12. Nf1 d5 13. Ng3 dxe4 14. dxe4 f6 {1-0 (28) Sural,C (1540)-Bladanli,A (1168) Antalya 2018}) 10... O-O-O $15 11. Ng3 g6 (11... d5 $5 {[%cal Rd5e4]} 12. Qe2 Qc5 $11) 12. Qe2 Nd7 13. b4 f5 14. b5 (14. a4 $11 fxe4 15. Nxe4) 14... Ncb8 (14... Na5 $17) 15. a4 {[%cal Ba2a4,Ba4a5][%mdl 32]} a5 ({Besser ist} 15... Ba5 $15 16. Bd2 Qf7) 16. bxa6 $14 Nxa6 17. a5 Ba7 18. Rb1 f4 19. Nf1 Ndb8 20. d4 c6 (20... Qg7 $14) 21. N1d2 $16 exd4 22. cxd4 Qc7 (22... Rhe8 $16 23. O-O Ba2) 23. O-O $18 Qxa5 24. Nc4 Bxc4 25. Qxc4 g5 26. e5 Qd5 27. Bf5+ Kc7 28. Qa4 (28. Qxd5 $18 {bietet bessere Gewinnchancen.} cxd5 29. Ba3 dxe5 30. Rfc1+ (30. dxe5 Bc5 $16) 30... Nc6 31. dxe5) 28... b5 29. Qc2 $40 {[%mdl 128] zielt auf exd6+ ab. Weiss will per K.O. gewinnen.} dxe5 30. dxe5 Qc5 (30... Rhe8 $16 {kämpft weiter.} 31. h4 Bc5) 31. Qb3 (31. Qe2 $18) 31... Qd5 $16 32. Qc2 (32. Qa3 $16) 32... Bc5 $2 {[#]} (32... Qc5 $1 $11 {und Schwarz steht sicher.}) 33. Bd2 $18 {Droht Le4 und aus.} Nd7 $2 (33... Bb6 34. e6 Rhe8) 34. Rfd1 (34. Rfc1 $142) 34... Qc4 35. Qxc4 bxc4 36. h4 Rhf8 $2 (36... gxh4 37. Bxf4 Nb6) 37. Be6 $2 (37. Ba5+ $18 {und der Rest ist Schweigen.} Nb6 38. Rxd8 Kxd8 39. Bg4 (39. Rxb6 Bxb6 40. Bxb6+ Ke7 $16) (39. hxg5 Rxf5 40. Bxb6+ Kc8 $16)) 37... gxh4 $2 {[%mdl 8192]} (37... Nb6 $16) 38. Bxc4 Ra8 (38... Nb4 $142 39. Bxb4 Bxb4) 39. Ba5+ Bb6 40. Rxd7+ Kxd7 41. Bxb6 Nc7 42. Rd1+ Nd5 43. Bxd5 cxd5 44. Rxd5+ Ke6 45. Rd6+ Kf5 46. Rxh6 Rh8 47. Rf6+ Ke4 48. Bc7 h3 $2 (48... Rag8 49. e6 h3 50. Rxf4+ Kd5) 49. Ng5+ Kd5 {[#] ( -> ...h2+)} 50. Nxh3 Ra1+ 51. Kh2 Rc1 52. Bd6 Rc4 53. Rg6 Re4 54. g3 fxg3+ 55. Kxg3 Rc8 56. f4 Rc3+ 57. Kg4 Ree3 58. Ng5 Rg3+ 59. Kf5 Rc1 60. Be7 Rc7 61. Rd6+ Kc4 62. Bf6 Rc5 63. Ne4 {Precision: Weiß = 49%, Schwarz = 32%.} 1-0

[Event "TUR-chT Superleague 2018"]
[Site "Ankara"]
[Date "2018.07.29"]
[Round "6"]
[White "Yurtseven, Melih"]
[Black "Keler, Faruk"]
[Result "1-0"]
[WhiteElo "2404"]
[BlackElo "2286"]
[Annotator "ChessBase"]
[PlyCount "89"]
[EventDate "2018.07.25"]
[EventType "team-tourn"]
[EventCountry "TUR"]
[SourceTitle "playchess.com"]
[Source "ChessBase"]
[SourceQuality "1"]
[TimeControl "40/5400+30:1800+30"]

1. d4 d5 2. c4 e6 3. Nc3 Nf6 4. Nf3 c6 5. g3 dxc4 6. Bg2 b5 7. Ne5 Qb6 8. O-O Bb7 9. e4 c5 10. d5 exd5 11. Nxd5 Nxd5 12. exd5 Bd6 13. Nxf7 O-O 14. Nxd6 Qxd6 15. Bf4 Qd7 16. Qh5 Na6 17. a3 Rf5 18. Qg4 Bxd5 19. Rad1 Qf7 20. Rxd5 Rxd5 21. Rd1 h5 22. Bxd5 Qxd5 23. Qxg7+ Kxg7 24. Rxd5 Rc8 25. Rd7+ Kg8 26. Rxa7 Rc6 27. Rb7 b4 28. Kf1 Re6 29. h3 Re4 30. axb4 Nxb4 31. Bd2 Nd3 32. h4 Re5 33. Bc3 Rf5 34. f4 Rd5 35. Rg7+ Kf8 36. Rh7 Ke8 37. Ke2 {[%emt 1:21:30]} Nc1+ {[%emt 1:19:00]} 38. Kf3 {[%emt 0:00:30]} Rd3+ {[%emt 0:00:30]} 39. Kf2 {[%emt 0:00:30]} Rd5 {[%emt 0:00:30]} 40. Rg7 {[%emt 0:00:30]} Na2 {[%emt 0:30:30]} 41. Bf6 {[%emt 0:30:30]} Rd6 {[%emt 0:05:30]} 42. Be5 {[%emt 0:02:30]} Rd3 {[%emt 0:14:23]} 43. Rh7 {[%emt 0:05:51]} Rd2+ {[%emt 0:01:46]} 44. Kf3 {[%emt 0:00:10]} Rd3+ {[%emt 0:00:50]} 45. Ke4 {[%emt 0:00:30]} 1-0